El empleo de las mujeres en México y la apertura comercial /
Para la autora la ocupación de las mujeres está fuertemente segregada en una cuantas actividades: la industria alimentaria, la de prendas de vestir, textiles y cuero y en un monto bastante menor al anterior en la División VIII, particularmente en la fabricación de partes para equipos automotores, en...
Sábháilte in:
| Príomhchruthaitheoir: | |
|---|---|
| Formáid: | Téacs |
| Teanga: | Spanish |
| Ábhair: | |
| Clibeanna: |
Cuir clib leis
Níl clibeanna ann, Bí ar an gcéad duine le clib a chur leis an taifead seo!
|
MARC
| LEADER | 00000 a a2200000 04500 | ||
|---|---|---|---|
| 001 | 43773 | ||
| 003 | cru CIDCACS/IIS | ||
| 005 | 20170825114440.0 | ||
| 008 | 170825b xxu||||| |||| 00| 0 spa d | ||
| 999 | |c 21368 |d 21368 | ||
| 040 | |c CIDCACS/IIS | ||
| 090 | |a 05.03.03 A853g | ||
| 100 | |a Cardero, María Elena | ||
| 245 | |a El empleo de las mujeres en México y la apertura comercial / |c María Elena Cardero | ||
| 300 | |a Páginas 67-77 | ||
| 520 | |a Para la autora la ocupación de las mujeres está fuertemente segregada en una cuantas actividades: la industria alimentaria, la de prendas de vestir, textiles y cuero y en un monto bastante menor al anterior en la División VIII, particularmente en la fabricación de partes para equipos automotores, en la electrónica y en la fabricación de equipos de generación eléctrica, aparatos y accesorios. Si bien la ocupación de las mujeres ha aumentado, ello no necesariamente ha sido en los sectores más dinámicos de la economía mexicana. | ||
| 590 | |a RRA/OCTUBRE2012 | ||
| 650 | |a MERCADO DE TRABAJO | ||
| 650 | |a MUJERES | ||
| 650 | |a EXCLUSION SOCIAL | ||
| 650 | |a EMPLEO | ||
| 650 | |a GENERO | ||
| 773 | |g páginas 67-77 : tablas | ||
| 942 | |2 ddc |c LI | ||
| 773 | 0 | |0 6726 |9 91 |a Astelarra, Judith |d España : Fundación Carolina-CeALCI |o 14031 |t Género y empleo / |w (cru CIDCACS/IIS)43769 |z 1885866X | |
